|
|
|
|
| LEADER |
01555nam a2200409 a 4500 |
| 001 |
EBC3019909 |
| 003 |
MiAaPQ |
| 005 |
20200520144314.0 |
| 006 |
m o d | |
| 007 |
cr cn||||||||| |
| 008 |
081120s2009 nyua sb 001 0 eng d |
| 010 |
|
|
|z 2008047196
|
| 020 |
|
|
|z 9781606921265 (softcover)
|
| 020 |
|
|
|a 9781616687205 (electronic bk.)
|
| 035 |
|
|
|a (MiAaPQ)EBC3019909
|
| 035 |
|
|
|a (Au-PeEL)EBL3019909
|
| 035 |
|
|
|a (CaPaEBR)ebr10674917
|
| 035 |
|
|
|a (OCoLC)923662044
|
| 040 |
|
|
|a MiAaPQ
|c MiAaPQ
|d MiAaPQ
|
| 043 |
|
|
|a a-cc---
|a n-us---
|
| 050 |
|
4 |
|a HF3838.U6
|b O94 2009
|
| 082 |
0 |
4 |
|a 382.0951/073
|2 22
|
| 100 |
1 |
|
|a Overton, Rachel H.
|
| 245 |
1 |
0 |
|a China's trade with the United States and the world
|h [electronic resource] /
|c Rachel H. Overton.
|
| 260 |
|
|
|a Hauppauge, N.Y. :
|b Nova Science Publishers,
|c c2009.
|
| 300 |
|
|
|a viii, 71 p. :
|b ill.
|
| 504 |
|
|
|a Includes bibliographical references and index.
|
| 533 |
|
|
|a Electronic reproduction. Ann Arbor, MI : ProQuest, 2015. Available via World Wide Web. Access may be limited to ProQuest affiliated libraries.
|
| 651 |
|
0 |
|a China
|x Commerce
|z United States.
|
| 651 |
|
0 |
|a United States
|x Commerce
|z China.
|
| 651 |
|
0 |
|a China
|x Foreign economic relations
|z United States.
|
| 651 |
|
0 |
|a United States
|x Foreign economic relations
|z China.
|
| 651 |
|
0 |
|a China
|x Commerce.
|
| 651 |
|
0 |
|a China
|x Economic policy.
|
| 655 |
|
4 |
|a Electronic books.
|
| 710 |
2 |
|
|a ProQuest (Firm)
|
| 856 |
4 |
0 |
|u https://ebookcentral.proquest.com/lib/matrademy/detail.action?docID=3019909
|z Click to View
|